00694nam a2200193 i 4500003000900000005001700009007000300026008004100029040003000070082001400100100003200114245008700146264005000233300004100283336002700324337003400351338002800385500008700413DO-SdBNP20230918111907.0ta110413s1982 dr a 000 0 spa d aDO-SdBNPbspacBNPHUerda bN964e2221 aNúñez de López, Viola10aEstudios sociales de mi patria :b2do. grado, primariacViola Núñez de López 1aSanto Domingo :bColegial Quisqueyana,c1982. a77 páginas bilustracionesc25 cm. 2rdacontentatextobtxt 2rdamediaasin mediación bn 2rdacarrieravolumenbnc aDe acuerdo al programa del plan de reforma de educación primaria del año 1977.